000 00951nac a22002897a 4500
001 BR9603911
003 BR-BrBNA
005 20240105121756.0
008 230509b bl.|||m| |||| 00| 0 por d
040 _aBR-BrBNA
_bpor
_cBiblioteca Nacional de Agricultura
072 _aN20
090 _aN20 BR9603911
100 1 _aFernandes, H.C.
100 1 _aMartyn, P.J.
100 1 _aQueiroz, D.M. de
100 1 _aAraujo, E.F.
110 1 _aAssociacao dos Engenheiros Agricolas de Minas Gerais, Vicosa (Brasil)
_9584
245 1 _aDesenvolvimento e avaliacao do desempenho de uma maquina trilhadora de feijao
260 3 _aVicosa, MG (Brasil):
_c1993.
300 _a9 p.
490 _aEngenharia na Agricultura. Serie Mecanizacao Agricola (Brazil)
_vv. 2(1)
_x
500 _aSummaries (En, Pt); 10 ref.
650 _aTrilhadeira
650 _aMecanizacao Agricola
909 _a202312
_bLúcia Elande
_c55
_dLúcia Elande
942 _2AGRIS
_n0
_cMS
999 _c287372
_d287372